000 01427nam a2200385 c 4500
003 BLK
005 20250404095418.0
008 180410b bul|||||r ||||||| ||bul||
010 _aKNG00161243000
020 _a978-954-737-904-6
_bиздат.: Аб
040 _aBLK
041 _aBUL
_cBUL
072 7 _2bullib
_aН84
_xБългарска художествена литература Н
072 7 _2bullib
_aЯ
_xАвтографи
080 _aБългарска литература
_b821.163.2
_x-94
_z821.163.2-94
100 1 _aСтоянов, Румен Бориславов
_d1941-
_gПоет, есеист. Преводач от испански и португалски език
_9125948
139 _aСтоянов, Румен Бориславов
_bС 83
245 1 0 _aДинозавърски спомени
_cРумен Бориславов Стоянов.
257 _aBGR
260 София
_bАб
_c2013
300 _a360 с.
_c21 см
380 _aX
490 1 _aБиблиотека Майстори на превода
500 _a500 тир.
653 _aмемоари
653 _aспомени
659 _aН
659 _aЯ
852 _aЦб 269026
856 4 _qpdf
_u
856 4 _qpdf
_u
942 _cKNG
_n0
_01
944 _aCR
_c26.05.2014
_lГеновева Генчева
_k30560
944 _aED
_c30.11.2015
_lф /
_kПенка_Димитрова
999 _c154604
_d154604